000 01198nam a22002537a 4500
005 20240305165515.0
007 cr|||| ||||
008 181220s2016 co |||||s|||| 00||0 spa d
020 _a978-958-762-531-8
035 _a22559
040 _avLex
090 _c8345
_d8345
100 1 _aMéndez Amaya, Juan David
245 1 0 _aManual único para la calificación de la pérdida de capacidad laboral y ocupacional
_h[Recurso electrónico] /
_cJuan David Méndez Amaya, Alexander Rodríguez Londoño
256 _aServicio en línea
260 _aBogotá:
_bEdiciones de la U,
_c2016
300 _a1 recurso electrónico
506 1 _aDisponible solo en los productos indicados
_dvLex Global
_dvLex Global (Academic Edition, excluding Law Schools)
_dvLex Global (U.S. Academic Edition, Law Schools)
_dvLex Global (U.S. Academic Edition, excluding Law Schools)
_dvLex Global (Academic Edition, Law Schools)
650 0 4 _aDerecho Laboral y Seguridad Social
_zColombia
700 1 _aRodríguez Londoño, Alexander
740 0 _avLex Libros (Servicio en línea)
856 4 0 _uhttps://app.vlex.com/#/sources/manual-unico-calificacion-perdida-capacidad-laboral-ocupacional-22559
942 _cRAA
999 _c166582
_d166582